000 00968cam a22002651 4500
001 e 35000269
003 DLC
005 20260227111225.0
008 790724s1931 lau s000 0 eng c
010 _ae 35000269
035 _a(OCoLC)5204892
040 _aLibrary, U. S. Office of Education
_cLU
_dOCoLC
_dDLC
042 _apremarc
043 _an-us-la
050 0 0 _aL154
_b.B32 no. 208
110 1 _aLouisiana.
_bDepartment of Education.
245 1 0 _aHandbook for teachers of the elementary schools of Louisiana.
_cIssued by the Department of education, 1931.
260 _a[Baton Rouge,
_c1931]
300 _a128 p.
_c23 cm.
490 0 _aBulletin
_vno. 208
500 _aOn cover: State department of education of Louisiana ... Issued by T. H. Harris, state superintendent of public education.
504 _aIncludes bibliographies.
504 _a"List of elementary textbooks by grades": p. [121]-126.
650 0 _aEducation
_zLouisiana
_xCurricula.
999 _c21446
_d21446